Karnaatak (Record no. 347492)

MARC details
000 -LEADER
fixed length control field 005670000a22002530004500
005 - DATE AND TIME OF LATEST TRANSACTION
control field 20120302055113.0
040 ## - CATALOGING SOURCE
Original cataloging agency HIN
100 ## - MAIN ENTRY--PERSONAL NAME
Personal name Naagappa
245 ## - TITLE STATEMENT
Title Karnaatak
260 ## - PUBLICATION, DISTRIBUTION, ETC. (IMPRINT)
Place of publication, distribution, etc New Delhi:Akhila Bharatiya Hindi Sansthaa Sangha,1992.
300 ## - PHYSICAL DESCRIPTION
Extent 103p.
365 ## - TRADE PRICE
Price amount 45/-
650 ## - SUBJECT ADDED ENTRY--TOPICAL TERM
Topical term or geographic name as entry element Pradesh
650 ## - SUBJECT ADDED ENTRY--TOPICAL TERM
Topical term or geographic name as entry element Karnaatak
650 ## - SUBJECT ADDED ENTRY--TOPICAL TERM
Topical term or geographic name as entry element Darshan-Karnaatak
650 ## - SUBJECT ADDED ENTRY--TOPICAL TERM
Topical term or geographic name as entry element Aitihaasika
650 ## - SUBJECT ADDED ENTRY--TOPICAL TERM
Topical term or geographic name as entry element Praachina Saahitya
650 ## - SUBJECT ADDED ENTRY--TOPICAL TERM
Topical term or geographic name as entry element Bhashaa
650 ## - SUBJECT ADDED ENTRY--TOPICAL TERM
Topical term or geographic name as entry element Itihaas
650 ## - SUBJECT ADDED ENTRY--TOPICAL TERM
Topical term or geographic name as entry element Saamraajyashahi
650 ## - SUBJECT ADDED ENTRY--TOPICAL TERM
Topical term or geographic name as entry element Utsav
650 ## - SUBJECT ADDED ENTRY--TOPICAL TERM
Topical term or geographic name as entry element Tyohaar
942 ## - ADDED ENTRY ELEMENTS (KOHA)
Koha item type Book
Holdings
Withdrawn status Lost status Damaged status Not for loan Home library Current library Date acquired Total Checkouts Barcode Date last seen Price effective from
        Institute For Oriental Study, Thane Institute For Oriental Study, Thane 12/02/2009   IOS-7265 12/02/2009 12/02/2009